| 000 | 00424nam a22001337a 4500 | ||
|---|---|---|---|
| 008 | 230221b |||||||| |||| 00| 0 eng d | ||
| 040 |
_aNational Science Library _cNational Science Library |
||
| 080 |
_a624(02) _bK2 |
||
| 245 |
_aISI Handbook for structural engineers _c/ Indian Standard Institution |
||
| 260 |
_aNew Delhi: _bIndian Standard Institution, _c1962 |
||
| 300 | _a74p. | ||
| 650 | _aScience | ||
| 942 |
_2udc _cBK |
||
| 999 |
_c47026 _d47026 |
||